000 00288nam a2200109Ia 4500
008 210430s9999 xx 000 0 und d
082 _a620.110W244T
100 _aF.Y.Wang
_954822
245 _aTreatise on materials science and technology
_cF.Y.Wang
300 _a375p.
942 _cBK
_2ddc
999 _c565585
_d565585